Score 0/26 Timer 07:00
0 Plays Today
% Correct
Game of Thrones
86.7%
Bates Motel
80.3%
Boardwalk Empire
79.8%
Suits
76.3%
24: Live Another Day
75.3%
New Girl
75.1%
The Walking Dead
70.8%
Sherlock
68.6%
American Horror Story
68.3%
Elementary
68%
The Americans
64.9%
Grimm
61.6%
Brooklyn Nine-Nine
60.9%
% Correct
Homeland
59.7%
Scandal
59%
The Blacklist
56.2%
Blindspot
55.7%
Revenge
53.8%
Orphan Black
53.1%
Wayward Pines
52%
11.22.63
49.3%
The Bridge
48.1%
Mr. Robot
46.6%
Person of Interest
45.4%
Scorpion
45.3%
Crazy Ex-Girlfriend
45%
Remove Ads.
Support Sporcle.
Get the best of Sporcle when you Go Orange. This ad-free experience offers more features, more stats, and more fun while also helping to support Sporcle. Thank you for becoming a member.

You're not logged in!

Compare scores with friends on all Sporcle quizzes.
OR
Log In

Show Comments

Extras

Top Quizzes Today


Score Distribution

Your Account Isn't Verified!

In order to create a playlist on Sporcle, you need to verify the email address you used during registration. Go to your Sporcle Settings to finish the process.

Report this User

Report this user for behavior that violates our Community Guidelines.

Details: